<?xml version="1.0" encoding="UTF-8"?>
<collection xmlns:xsi="http://www.w3.org/2001/XMLSchema-instance" xsi:schemaLocation="http://www.loc.gov/MARC21/slim http://www.loc.gov/standards/marcxml/schema/MARC21slim.xsd" xmlns="http://www.loc.gov/MARC21/slim">
 <record>
  <leader>00000cam a22000004a 4500</leader>
  <controlfield tag="001">UP-99796217609085152</controlfield>
  <controlfield tag="003">Buklod</controlfield>
  <controlfield tag="005">20091202163516.0</controlfield>
  <controlfield tag="006">a     r    |||| u|</controlfield>
  <controlfield tag="007">ta</controlfield>
  <controlfield tag="008">091202s        xx     d     r    |||| u|</controlfield>
  <datafield tag="020" ind1=" " ind2=" ">
   <subfield code="a">0-7495-0691-1</subfield>
  </datafield>
  <datafield tag="035" ind1=" " ind2=" ">
   <subfield code="a">(iLib)UPD-00114500092</subfield>
  </datafield>
  <datafield tag="040" ind1=" " ind2=" ">
   <subfield code="a">DMUE</subfield>
  </datafield>
  <datafield tag="050" ind1="0" ind2="0">
   <subfield code="a">DG732</subfield>
   <subfield code="b">F556</subfield>
  </datafield>
  <datafield tag="245" ind1="0" ind2="0">
   <subfield code="a">Thomas Cook Traveller to Florence &amp; Tuscany</subfield>
   <subfield code="c">by Russell Chamberlin.</subfield>
  </datafield>
  <datafield tag="246" ind1="3" ind2="0">
   <subfield code="a">Traveller to Florence &amp; Tuscany</subfield>
  </datafield>
  <datafield tag="246" ind1="1" ind2="8">
   <subfield code="a">Florence &amp; Tuscany</subfield>
  </datafield>
  <datafield tag="264" ind1=" " ind2="1">
   <subfield code="a">Hampsire</subfield>
   <subfield code="c">United Kingdom.</subfield>
   <subfield code="b">AA Publishing</subfield>
  </datafield>
  <datafield tag="300" ind1=" " ind2=" ">
   <subfield code="a">192p.</subfield>
   <subfield code="b">col. ill., maps</subfield>
   <subfield code="c">19 cm.</subfield>
  </datafield>
  <datafield tag="362" ind1="1" ind2=" ">
   <subfield code="a">1994.</subfield>
  </datafield>
  <datafield tag="651" ind1=" " ind2="0">
   <subfield code="a">Florence (Italy)</subfield>
   <subfield code="v">Guidebooks.</subfield>
  </datafield>
  <datafield tag="651" ind1=" " ind2="0">
   <subfield code="a">Tuscany (Italy)</subfield>
   <subfield code="v">Guidebooks.</subfield>
  </datafield>
  <datafield tag="700" ind1="1" ind2=" ">
   <subfield code="a">Chamberlin, Russell.</subfield>
  </datafield>
  <datafield tag="710" ind1="2" ind2=" ">
   <subfield code="a">Automobile Associaton.</subfield>
  </datafield>
  <datafield tag="710" ind1="2" ind2=" ">
   <subfield code="a">Thomas Cook Group Ltd.</subfield>
  </datafield>
  <datafield tag="852" ind1="0" ind2=" ">
   <subfield code="a">UPD</subfield>
   <subfield code="b">DMUE</subfield>
   <subfield code="h">DG732</subfield>
   <subfield code="i">.F556</subfield>
  </datafield>
  <datafield tag="942" ind1=" " ind2=" ">
   <subfield code="a">Book</subfield>
  </datafield>
 </record>
</collection>
